Statistiques concernant They Shoot Pictures, Don't They? - films 361 à 380

Cliquez ici pour prendre le quiz!

Statistiques générales

  • Ce quiz a été pris 29 fois
  • Le résultat moyen est 8 sur 20

Statistiques - réponses

Réponse% Correct
Le Dernier Tango à Paris
95%
Mad Max: Fury Road
86%
Get Out
77%
Elephant Man
64%
Fitzcarraldo
55%
La Valse des pantins
50%
Le Ruban Blanc
50%
Le Voyeur
45%
La Porte du paradis
36%
Lost Highway
32%
Quand passent les cigognes
32%
Meurtre d'un bookmaker chinois
23%
Théorème
23%
Tristana
23%
Au travers des oliviers
18%
Le Cheval de Turin
18%
Elle et lui
9%
Qu'elle était verte ma vallée
9%
Stromboli
9%
Place aux jeunes
5%

Distribution des résultats

Percentile par nombre de réponses

% des personnes avec chaque résultat

Votre développement - résultats

Vous n’avez pas pris ce quiz